00350nam a2200133Ia 4500008004100000020001500041041001200056082001600068100001900084245005900103260002500162300000800187650002100195221030s9999 xx 000 0 und d a8120308077 aEnglish a105.23bGay aR. A. Gayakwad 0aOP- Amps & Linear Integrated Circuits ( DEPARTMENTAL ) bPHIaNew Delhic1998 a640 aECE Departmental